Economic and Social Development in Period of Global Instability Book of Proceedings : Special Issue

Gespeichert in:
Bibliographische Detailangaben
Körperschaft: International Scientific Conference on Economic and Social Development
Weitere Verfasser: Franca, Sergio L. B., Meirino, Marcelo J.
Format: Buch
Sprache:Englisch
Veröffentlicht: Varazdin Varazdin Development and Entrepreneurship Agency 2024
Ausgabe:1st Edition
Schlagworte:
Tags: Tag hinzufügen
Keine Tags, Fügen Sie das erste Tag hinzu!

MARC

LEADER 00000nam a2200000 4500
001 0305921
005 20250108124745.5
020 |a 978-953-6125-21-0 
041 0 |a eng 
044 |a HR 
245 1 0 |a Economic and Social Development in Period of Global Instability  |b Book of Proceedings : Special Issue  |c Review Committee / recenzentski odbor: Sergio L. B. Franca, Marcelo J. Meirino ... [et al.] 
250 |a 1st Edition 
264 1 |a Varazdin  |b Varazdin Development and Entrepreneurship Agency  |c 2024 
300 |a 303 s. 
610 2 0 |a rozvoj hospodársky 
610 2 0 |a rozvoj sociálny 
610 2 0 |a podnikanie 
610 2 0 |a manažment 
610 2 0 |a siete sociálne 
610 2 0 |a transformácia digitálna 
610 2 0 |a nestabilita hospodárstva 
700 1 |a Franca, Sergio L. B. 
700 1 |a Meirino, Marcelo J. 
110 2 |a International Scientific Conference on Economic and Social Development 
710 2 |a International Scientific Conference on Economic and Social Development